MARC details
| 000 -LEADER |
| fixed length control field |
02923nam a2200289 i 4500 |
| 003 - CONTROL NUMBER IDENTIFIER |
| control field |
CSPC |
| 005 - DATE AND TIME OF LATEST TRANSACTION |
| control field |
20251120094712.0 |
| 008 - FIXED-LENGTH DATA ELEMENTS--GENERAL INFORMATION |
| fixed length control field |
240304s2019 ii b 001 0 eng d |
| 020 ## - INTERNATIONAL STANDARD BOOK NUMBER |
| International Standard Book Number |
9789352692248 |
| 040 ## - CATALOGING SOURCE |
| Original cataloging agency |
CSPC |
| Language of cataloging |
eng |
| Transcribing agency |
CSPC |
| Description conventions |
rda |
| 082 04 - DEWEY DECIMAL CLASSIFICATION NUMBER |
| Classification number |
025.174 |
| Item number |
W38 |
| 245 00 - TITLE STATEMENT |
| Title |
Web analytics strategies for information professionals / |
| Statement of responsibility, etc. |
edited by Mange Ram. |
| 264 #1 - PRODUCTION, PUBLICATION, DISTRIBUTION, MANUFACTURE, AND COPYRIGHT NOTICE |
| Place of production, publication, distribution, manufacture |
New Delhi, India : |
| Name of producer, publisher, distributor, manufacturer |
Random Publications, |
| Date of production, publication, distribution, manufacture, or copyright notice |
2019 ; Reprint 2022. |
| 300 ## - PHYSICAL DESCRIPTION |
| Extent |
viii, 287 pages : |
| Other physical details |
illustrations ; |
| Dimensions |
24 cm. |
| 336 ## - CONTENT TYPE |
| Source |
rdacontent |
| Content type term |
text |
| 337 ## - MEDIA TYPE |
| Source |
rdamedia |
| Media type term |
unmediated |
| 338 ## - CARRIER TYPE |
| Source |
rdacarrier |
| Carrier type term |
volume |
| 504 ## - BIBLIOGRAPHY, ETC. NOTE |
| Bibliography, etc. note |
Includes bibliographical references and index. |
| 505 0# - FORMATTED CONTENTS NOTE |
| Formatted contents note |
Information technology in library on information professionals -- Library participatory networking, social networks, and Web 2.0 -- Impact of information technology on information professionals in library -- As information resource manager in library science -- Role for library representatives in network governance -- Web based library service and information technology -- Development of IT skills for information professionals in library -- Definition of digital libraries and personalized services. |
| 520 ## - SUMMARY, ETC. |
| Summary, etc. |
"Web analytics present a treasure trove of data for those who know how to access and interpret it. Web Analytics Strategies for Information Professionals helps librarians understand what Web analytics are and the information that can be gained from making use of them. Researcher argue that library jobs and jobs for information professionals are changing at the same-or even greater as experienced in other parts of our economy and society. Recent scholarship focused on the intersection of libraries and web analytics has highlighted the value of web analytics tools in the enhancement of online library services and content. Web analytics has been traditionally been defined as "the measurement, collection, analysis and reporting of Internet data for the purposes of understanding and optimizing Web usage." Web analytics provide unique opportunities for archivists developing and maintaining freely available digital archives and repositories. These online, open-access collections differ from traditional proprietary resources that are limited to a specific library user community. As Loftus discusses, the use of page views as an indicator of success is problematic for traditional library institutions as their potential user base is more limited. The book highlights the contemporary issues and challenges for the information professionals in digital age." -- Back cover |
| 650 #0 - SUBJECT ADDED ENTRY--TOPICAL TERM |
| Topical term or geographic name entry element |
Library Web sites |
| General subdivision |
Management. |
| 650 #0 - SUBJECT ADDED ENTRY--TOPICAL TERM |
| Topical term or geographic name entry element |
Library Web sites |
| General subdivision |
Statistical methods. |
| 650 #0 - SUBJECT ADDED ENTRY--TOPICAL TERM |
| Topical term or geographic name entry element |
Library statistics. |
| 700 1# - ADDED ENTRY--PERSONAL NAME |
| Personal name |
Ram, Mange, |
| Relator term |
editor. |
| 942 ## - ADDED ENTRY ELEMENTS (KOHA) |
| Source of classification or shelving scheme |
Dewey Decimal Classification |
| Suppress in OPAC |
No |
| Koha item type |
Books |
| Classification part |
025.174 |
| Item part |
W38 |
| Call number prefix |
CIR |
| Call number suffix |
2019 |